The 7 habits of highly effective people : restoring the character ethic

Bibliographic Details
Main Author: COVEY
Format: Book
Published: London : Pocket Books , 1999
Subjects:

MARC

LEADER 00000cam a2200000 7i4500
001 0000002875
005 20040204.0
020 0 0 |a 0743408853 
090 0 0 |a 158   |b COV 1999 
100 1 0 |a COVEY   |h Stephen R. 
245 1 4 |a The 7 habits of highly effective people :   |b restoring the character ethic   |c Stephen R. Covey 
260 0 0 |a London :   |b Pocket Books ,   |c 1999 
300 |a 358 p. :   |b ill. ;   |c 20 cm. 
500 0 0 |a Includes index 
650 0 0 |a Character 
650 0 0 |a Success   |x Psychological aspects 
998 |a JPSM 
999 |a 0000005158   |b Monograph   |c Open Shelf   |e Default branch